000 00625nam a2200229Ia 4500
003 OSt
005 20221007072351.0
006 a|||||r|||| 00| 0
007 ta
008 221006b |||||||| |||| 00| 0 eng d
024 _a15,404
037 _cTextual
040 _aFLL
_cFLL
_beng
041 _2eng
_aeng
082 _aX42:Z1, K2;1
100 _aSingh Nagendra Au.
245 0 _aInternational law problems of merchang shipping
260 _aLondon
_bStevens & Sons Ltd. London
_c1962
300 _a167p
_ccm.
942 _hX42:Z1, K2;1
_cTEXL
_2CC
999 _c1145885
_d1145885